[Event "Como Province-ch"]
[Site "Erba"]
[Date "2015.01.18"]
[Round "2"]
[White "Rizzi, Pierantonio"]
[Black "Bettinelli, Sergio"]
[Result "0-1"]
[WhiteElo "1441"]
[BlackElo "1404"]
[PlyCount "50"]
[EventDate "2015.01.17"]
[EventType "swiss"]
[EventRounds "6"]
[EventCountry "ITA"]
[SourceTitle "EXT 2017"]
[Source "ChessBase"]
[SourceDate "2016.10.25"]
[SourceVersion "1"]
[SourceVersionDate "2016.10.25"]
[SourceQuality "1"]

1. Nf3 c5 2. e4 e6 3. c4 Ne7 4. g3 Nbc6 5. e5 Ng6 6. Qe2 Be7 7. Bg2 Qc7 8. 0-0 Ncxe5 9. b3 0-0 10. Bb2 Nxf3+ 11. Bxf3 Rb8 12. Nc3 a6 13. Rad1 b6 14. d4 Bb7 15. d5 Bd6 16. dxe6 Bxf3 17. Qxf3 fxe6 18. Qe2 Ne5 19. Ne4 Nf3+ 20. Kh1 Be5 21. Bxe5 Qxe5 22. Qe3 Rf5 23. Rxd7 Rbf8 24. Rd6 Rh5 25. h4 Rxh4+ 0-1

[Event "Como Province-ch"]
[Site "Villa Guardia"]
[Date "2013.01.19"]
[Round "1"]
[White "Nastasi, Ivano"]
[Black "Bettinelli, Sergio"]
[Result "1-0"]
[WhiteElo "1706"]
[BlackElo "1323"]
[PlyCount "39"]
[EventDate "2013.01.19"]
[EventType "swiss"]
[EventRounds "6"]
[EventCountry "ITA"]
[SourceTitle "EXT 2014"]
[Source "ChessBase"]
[SourceDate "2013.11.20"]
[SourceVersion "1"]
[SourceVersionDate "2013.11.20"]
[SourceQuality "1"]

1. d4 Nf6 2. c4 d6 3. Nc3 a6 4. e4 b6 5. Nf3 Bb7 6. Be2 Nxe4 7. Nxe4 Bxe4 8. 0-0 Nd7 9. b3 Nf6 10. Bb2 d5 11. Ba3 g6 12. Ng5 e6 13. f3 Bxa3 14. fxe4 Nxe4 15. Nxf7 Qe7 16. Nxh8 Nf6 17. Qc2 0-0-0 18. cxd5 Nxd5 19. Bxa6+ Kb8 20. Qc6 1-0

[Event "Como Province-ch"]
[Site "Como"]
[Date "2012.01.21"]
[Round "1"]
[White "Primerano, Carlo"]
[Black "Bettinelli, Sergio"]
[Result "1-0"]
[WhiteElo "1774"]
[BlackElo "1284"]
[PlyCount "79"]
[EventDate "2012.01.21"]
[EventType "swiss"]
[EventRounds "6"]
[EventCountry "ITA"]
[SourceTitle "EXT 2024"]
[Source "ChessBase"]
[SourceDate "2023.10.10"]
[SourceVersion "1"]
[SourceVersionDate "2023.10.10"]
[SourceQuality "1"]

1. d4 Nf6 2. c4 d6 3. Nc3 g6 4. e4 Nbd7 5. f3 Bg7 6. Be3 b6 7. Qd2 0-0 8. Bd3 c5 9. Nge2 a6 10. Bh6 e5 11. d5 Rb8 12. Bxg7 Kxg7 13. g4 Ng8 14. h4 Ndf6 15. Ng3 Bd7 16. 0-0-0 b5 17. h5 b4 18. Nce2 a5 19. hxg6 fxg6 20. Rh2 Kf7 21. g5 Nh5 22. Nxh5 gxh5 23. Rxh5 Ne7 24. Rxh7+ Ke8 25. f4 Ng6 26. f5 Nf4 27. Nxf4 exf4 28. Qxf4 Qb6 29. Rdh1 Kd8 30. R1h6 b3 31. a3 a4 32. Qxd6 Qxd6 33. Rxd6 Rb7 34. g6 Rg8 35. e5 Ke8 36. f6 Kf8 37. Rdxd7 Rb8 38. g7+ Ke8 39. e6 Rf8 40. Bg6+ 1-0

[Event "CO Province-ch"]
[Site "Mariano Comense"]
[Date "2008.01.27"]
[Round "5"]
[White "Bettinelli, Sergio"]
[Black "Lipari, Alberto"]
[Result "0-1"]
[WhiteElo "1392"]
[BlackElo "1506"]
[PlyCount "104"]
[EventDate "2008.01.19"]
[EventType "swiss"]
[EventRounds "6"]
[EventCountry "ITA"]
[SourceTitle "EXT 2009"]
[Source "ChessBase"]
[SourceDate "2008.11.26"]
[SourceVersion "1"]
[SourceVersionDate "2008.11.26"]
[SourceQuality "1"]

1. e4 c5 2. g3 Nc6 3. c3 e6 4. Nf3 g6 5. d4 d5 6. e5 cxd4 7. Nxd4 Bg7 8. f4 Qb6 9. Nb5 Bf8 10. Nd2 Bd7 11. Nd6+ Bxd6 12. exd6 Nf6 13. Qe2 a6 14. Nf3 Na7 15. Qe5 0-0-0 16. Qxf6 Qxd6 17. Ne5 Rhf8 18. Be3 Nc6 19. Nxc6 Qxc6 20. Ba7 Be8 21. Rd1 d4 22. cxd4 Qxh1 23. Rc1+ Bc6 24. Qe7 Qe4+ 25. Be2 Qd5 26. Bxa6 Qa5+ 27. b4 Qxa6 28. Bc5 Kb8 29. Bd6+ Ka8 30. Rc5 Rfe8 31. Qc7 Rc8 32. Qa5 Ka7 33. Re5 b6 34. Bc5 Qxa5 35. bxa5 bxc5 36. Rxc5 Bd5 37. Rb5 Bxa2 38. Kf2 Rc2+ 39. Ke3 Bc4 40. Rc5 Re2+ 41. Kf3 Ba6 42. Rc7+ Kb8 43. Rxf7 Ra2 44. Rxh7 Rxa5 45. Rf7 Bd3 46. g4 Ra3 47. g5 Bf5+ 48. Ke2 Rh8 49. Kf1 Rxh2 50. Kg1 Rc2 51. Rf8+ Kc7 52. Rf7+ Kd6 0-1

[Event "CO Province-ch"]
[Site "Mariano Comense"]
[Date "2008.01.20"]
[Round "2"]
[White "Bettinelli, Sergio"]
[Black "Corti, Filippo"]
[Result "0-1"]
[WhiteElo "1392"]
[BlackElo "1592"]
[PlyCount "70"]
[EventDate "2008.01.19"]
[EventType "swiss"]
[EventRounds "6"]
[EventCountry "ITA"]
[SourceTitle "EXT 2009"]
[Source "ChessBase"]
[SourceDate "2008.11.26"]
[SourceVersion "1"]
[SourceVersionDate "2008.11.26"]
[SourceQuality "1"]

1. e4 c6 2. d4 d5 3. e5 Bf5 4. Nf3 e6 5. Nc3 Nd7 6. Bd3 Bxd3 7. Qxd3 Qb6 8. 0-0 Ne7 9. a3 c5 10. Na4 Qc7 11. c4 dxc4 12. Qxc4 Nd5 13. Nc3 N7b6 14. Nxd5 Nxd5 15. Qb5+ Qd7 16. Qxd7+ Kxd7 17. b4 cxb4 18. Rb1 Nc3 19. Rb2 a5 20. Ng5 Ke8 21. f4 h6 22. Nh3 Be7 23. f5 Rf8 24. f6 gxf6 25. exf6 Bd6 26. Bxh6 Rh8 27. Bg7 Rh4 28. Rf3 Rxd4 29. Ng5 bxa3 30. Rxb7 a2 31. Kf2 a1Q 32. Nxe6 Qa2+ 33. Kg1 Rd1+ 34. Rf1 Rxf1+ 35. Kxf1 Qe2+ 0-1

[Event "CO Province-ch"]
[Site "Mariano Comense"]
[Date "2008.01.19"]
[Round "1"]
[White "Guzzetti, Luigi Enrico"]
[Black "Bettinelli, Sergio"]
[Result "1-0"]
[WhiteElo "1933"]
[BlackElo "1392"]
[PlyCount "101"]
[EventDate "2008.01.19"]
[EventType "swiss"]
[EventRounds "6"]
[EventCountry "ITA"]
[SourceTitle "EXT 2009"]
[Source "ChessBase"]
[SourceDate "2008.11.26"]
[SourceVersion "1"]
[SourceVersionDate "2008.11.26"]
[SourceQuality "1"]

1. e4 c5 2. Nf3 b6 3. d4 Bb7 4. d5 e6 5. c4 Nf6 6. Nc3 Be7 7. d6 Bf8 8. e5 Ne4 9. Nb5 Na6 10. Bd3 f6 11. Qc2 Rc8 12. Bxe4 Bxe4 13. Qxe4 Rb8 14. exf6 gxf6 15. Bf4 Qc8 16. 0-0 Bg7 17. Rad1 f5 18. Qe2 0-0 19. Ne5 Rf6 20. Bg5 Qb7 21. f4 Nb4 22. a3 Nc6 23. Nxc6 Qxc6 24. Nxa7 Qe4 25. Qxe4 fxe4 26. Bxf6 Bxf6 27. Rd2 e3 28. Re2 Bd4 29. Rd1 Ra8 30. Nb5 Bf6 31. Rxe3 Bxb2 32. Kf1 Rf8 33. g3 Rf5 34. Ke2 h5 35. Rb3 Bf6 36. Nc7 e5 37. Ke3 h4 38. Ke4 Rh5 39. g4 Rh7 40. fxe5 Bh8 41. Rxb6 Rf7 42. e6 dxe6 43. d7 Bf6 44. Rb8+ Kg7 45. Nxe6+ Kg6 46. d8Q Bxd8 47. Rbxd8 Re7 48. Ke5 h3 49. R1d7 Rh7 50. Rxh7 Kxh7 51. Kf6 1-0